Capitals of Flags Letter E - Statistics

General Stats
  • This quiz has been taken 31 times
  • The average score is 6 of 8
Answer Stats
Picture Answer % Correct
Quito
100%
Cairo
90%
Tallinn
90%
Addis Ababa
80%
Mbabane
80%
San Salvador
80%
Asmara
50%
Malabo
40%
No matching quizzes found
Score Distribution
Percent of People with Each Score
Percentile by Number Answered
Your Score History
You have not taken this quiz